Music Quiz

Random Music or Clickable Quiz

The 3rd Thing You Need to Know: Bands Quiz Stats

 Plays Quiz Updated Sep 7, 2017

Score 0/20 Timer 04:00
5 Plays Today
% Correct
The Beach Boys
92.4%
The Jackson 5
89.5%
Spice Girls
86.7%
KISS
86%
Oasis
82.9%
TLC
81.2%
Fugees
79.7%
Metallica
78.9%
AC|DC
76.2%
The Supremes
72.9%
% Correct
Ramones
72.7%
Boyz II Men
70.3%
Deep Purple
62.9%
The Rolling Stones
61.5%
R.E.M.
56.1%
The Killers
55.6%
Arctic Monkeys
50.8%
Blur
45.1%
Coldplay
43.8%
Duran Duran
42.8%

You're not logged in!

Compare scores with friends on all Sporcle quizzes.
OR
Log In

You Might Also Like...

Show Comments

Extras

Top Quizzes Today


Score Distribution

Your Account Isn't Verified!

In order to create a playlist on Sporcle, you need to verify the email address you used during registration. Go to your Sporcle Settings to finish the process.

Report this User

Report this user for behavior that violates our Community Guidelines.

Details: